Quality Strategy in the Development of Business
Rozhodujúcim predpokladom na dosiahnutie komerčných a ekonomických cieľov podnikateľskej jednotky je kvalita. Analýza siedmich hlavných zložiek stratégie kvality. Medzinárodné predpoklady rozvoja kvality a nadväzne na to štátny systém starostlivosti o kvalitu. Náčrt praktického postupu pri certifiká...
Uložené v:
| Hlavný autor: | |
|---|---|
| Médium: | Kapitola |
| Jazyk: | English |
| Predmet: | |
| Tagy: |
Žiadne tagy, Buďte prvý, kto otaguje tento záznam!
|
MARC
| LEADER | 00000naa a2200000 4500 | ||
|---|---|---|---|
| 001 | r019825 | ||
| 005 | 20221205101534.3 | ||
| 041 | 0 | |a eng | |
| 044 | |a SK | ||
| 245 | 1 | 0 | |a Quality Strategy in the Development of Business |c Michal Leščišin |
| 520 | |a Rozhodujúcim predpokladom na dosiahnutie komerčných a ekonomických cieľov podnikateľskej jednotky je kvalita. Analýza siedmich hlavných zložiek stratégie kvality. Medzinárodné predpoklady rozvoja kvality a nadväzne na to štátny systém starostlivosti o kvalitu. Náčrt praktického postupu pri certifikácii kvality podľa medzinárodných kritérií. | ||
| 610 | 2 | 0 | |a kvalita výrobkov |
| 610 | 2 | 0 | |a kvalita |
| 610 | 2 | 0 | |a certifikácia |
| 610 | 2 | 0 | |a ISO |
| 610 | 2 | 0 | |a ISO 9000 |
| 610 | 2 | 0 | |a kontrola kvality |
| 610 | 2 | 0 | |a TQM |
| 100 | 1 | |a Leščišin, Michal | |